000 00637nam a22002297a 4500
001 00028935
005 20260428192347.0
008 260428b ag ||||| |||| 00| 0 spa d
020 _a8475839126
040 _aAR-CcCEOS
_bspa
_cAR-CcCEOS
041 _aspa
080 _a94:7(6)
090 _bMUR v.1
100 1 _aMurray, Jocelyn,
_d1929-
_91144
245 _aÁfrica :
_bEl despertar de un continente : Volumen I /
_cJocelyn Murray
264 _aBarcelona :
_bFolio,
_c1995.
300 _a106 p. ;
_c24x18 cm.
490 _vAtlas culturales del mundo
650 0 _ahistoria
_990
655 0 _aarte
_9138
942 _2udc
_cBK
_n0
999 _c28987
_d28987